Normal view MARC view
  • Dewitt,.P David,Bergman,. L Theodore, Lavine,. S Adrienne

Entry Corporate Name

Number of records used in: 1

001 - CONTROL NUMBER

  • control field: 124195

003 - CONTROL NUMBER IDENTIFIER

  • control field: NUST

005 - DATE AND TIME OF LATEST TRANSACTION

  • control field: 20240708172000.0

008 - FIXED-LENGTH DATA ELEMENTS

  • fixed length control field: 240708|| aca||aabn | a|a d

040 ## - CATALOGING SOURCE

  • Original cataloging agency: NUST
  • Transcribing agency: NUST

110 ## - HEADING--CORPORATE NAME

  • Corporate name or jurisdiction name as entry element: Dewitt,.P David,Bergman,. L Theodore, Lavine,. S Adrienne

670 ## - SOURCE DATA FOUND

  • Source citation: Work cat.: (NUST): Incropera,. P Franck 124194, Fundamentals of Heat and Mass Transfer, 2007.
© 2023 Central Library, National University of Sciences and Technology. All Rights Reserved.